000 00577nam a22002052 4500
001 0000020669
005 20151217152219.0
008 111003s xx 000 0 eng d
020 _a0521708425 :
040 _aKABU
_cKABU
100 1 _aShearer, Peter M.
_@0000181160
245 1 0 _aIntroduction to seismology /
_cPeter M. Shearer.
250 _a2nd ed.
260 _aCambridge :
_bC. U. P.,
_c2009.
300 _axiv, 396 p.
650 0 _aSeismology.
_@0000181161
852 1 _9p6045 KES
908 _a111003
950 _@1
999 _c9449
_d9449